Equipo con más ligas ganadas de cada país - Estadísticas

Estadísticas generales
  • Esta prueba ha sido intentada 74 veces
    22 desde el último reinicio
  • La puntuación promedio es 22 de 32
Estadísticas de respuestas
País Ligas
Ganadas
Equipo % Correcto
Países Bajos 28 Ajax
100%
Alemania 32 Bayern Munich
100%
Portugal 38 Benfica
100%
Italia 36 Juventus
100%
Inglaterra 20 Manchester United
100%
Francia 12 Paris Saint-Germain
100%
España 36 Real Madrid
100%
Argentina 38 River Plate
95%
Uruguay 54 Peñarol
89%
Escocia 55 Rangers
89%
Chile 34 Colo-Colo
84%
Mexico 16 América
79%
Brasil 12 Palmeiras
79%
Dinamarca 15 Copenhague
74%
Serbia 35 Estrella Roja
74%
Arabia Saudi 19 Al-Hilal
63%
Belgica 34 Anderlecht
63%
Paraguay 47 Olimpia
63%
Rusia 10 Zenit / Spartak Moscú
63%
Colombia 18 Atlético Nacional
58%
Ecuador 16 Barcelona
58%
Polonia 15 Legia Varsovia
53%
Rumania 27 Steaua de Bucarest
53%
Ucrania 16 Dinamo Kiev
47%
Estados Unidos 6 Los Angeles Galaxy
47%
Egipto 44 Al-Ahly
42%
Peru 28 Universitario de Deportes
42%
Venezuela 12 Caracas
37%
Grecia 47 Olympiakos
37%
Austria 32 Rapid Viena
37%
Suiza 27 Grasshopper Zürich
32%
República Checa 14 Sparta Praga
32%
No se encontraron pruebas coincidentes
Distribución de puntuación
Porcentaje de gente con cada puntuación
Porcentaje por número respondido
Historial de tus puntuaciones
No has intentado esta prueba desde el último reinicio